| 000 | 01154nam a22003377a 4500 | ||
|---|---|---|---|
| 003 | CHAP | ||
| 005 | 20220817042154.0 | ||
| 008 | 971013s1964 r 00010 d | ||
| 010 | _a36679 | ||
| 011 | _a37651 | ||
| 035 | _a41771 | ||
| 040 | _cCHAP | ||
| 090 | _aFolleto 3020 | ||
| 110 |
_aMéxico. Dirección General de Conservación del Suelo y Agua _976965 |
||
| 245 | _aPrograma de trabajo y realizacioes Ixcaquixtla, estado de Puebla | ||
| 260 |
_aMéxico, D.F. : _bLa Dirección, _c1964 |
||
| 300 |
_a32 p. _b: ilus. ; mapas |
||
| 490 | _aBoletín de divulgación | ||
| 500 | _ac.4 en bodega | ||
| 590 |
_aBATCH-UPD _b10 _c20130110 _lUCH01 _h1353 |
||
| 590 |
_aBATCH-UPD _b10 _c20130410 _lUCH01 _h0848 |
||
| 590 |
_aBATCH-UPD _b10 _c20130914 _lUCH01 _h0652 |
||
| 590 |
_aCONVERSION _b10 _c20130109 _lUCH01 _h1321 |
||
| 650 | 1 | 4 |
_aSuelos _xConservación _xPuebla. _9110313 |
| 830 | 0 | _aBoletín de divulgación | |
| 901 | _aBK | ||
| 942 | _cFOLL | ||
| 949 |
_aFolleto 3020 _bBC _cFOLL _d-96016 _eTS1 _i41771 _mD _si |
||
| 949 |
_aFolleto 3020 _bBC _cFOLL _d-96017 _eTS2 _fc.2 _i41771 _mD _si |
||
| 949 |
_aFolleto 3020 _bBC _cFOLL _d-96018 _eTS2 _fc.3 _i41771 _mD _si |
||
| 999 |
_c36679 _d36679 |
||